Poverty and un-British rule in India / (Record no. 25979)
[ view plain ]
| 000 -LEADER | |
|---|---|
| fixed length control field | 00623nam a22002177a 4500 |
| 001 - CONTROL NUMBER | |
| control field | 25979 |
| 003 - CONTROL NUMBER IDENTIFIER | |
| rucl marc code | BD-RjUL |
| 005 - DATE AND TIME OF LATEST TRANSACTION | |
| control field | 20211209050944.0 |
| 008 - FIXED-LENGTH DATA ELEMENTS--GENERAL INFORMATION | |
| fixed length control field | 890223r19421901dcu a 000 0 eng |
| 035 ## - SYSTEM CONTROL NUMBER | |
| System control number | (BD-RjUL)26049 |
| 040 ## - CATALOGING SOURCE | |
| Original cataloging agency | DLC |
| Transcribing agency | DLC |
| Modifying agency | BD-RjUL |
| Language of cataloging | eng |
| 041 ## - LANGUAGE CODE | |
| Language code of text/sound track or separate title | eng |
| 082 ## - DEWEY DECIMAL CLASSIFICATION NUMBER | |
| Classification number | 954.08 |
| Author mark and year | NAP 1962 |
| 100 1# - MAIN ENTRY--PERSONAL NAME | |
| Personal name | Naoroji, Dadabhai, |
| Dates associated with a name | 1825-1917. |
| 9 (RLIN) | 79831 |
| 245 10 - TITLE STATEMENT | |
| Title | Poverty and un-British rule in India / |
| Statement of responsibility, etc. | by Dadabhai Naoroji. |
| 260 ## - PUBLICATION, DISTRIBUTION, ETC. (IMPRINT) | |
| Place of publication, distribution, etc. | London : |
| Name of publisher, distributor, etc. | S. Sonnenschein, |
| Date of publication, distribution, etc. | 1901[Printed 1962] |
| 300 ## - PHYSICAL DESCRIPTION | |
| Pagination | ix, 597p. |
| Size | 24 cm. |
| Illustrations | ill. ; |
| 942 ## - ADDED ENTRY ELEMENTS (KOHA) | |
| Source of classification or shelving scheme | Dewey Decimal Classification |
| Koha item type | Books |
| Lost status | Source of classification or shelving scheme | Damaged status | Not for loan | Collection code | Permanent Location | Current Location | Shelving location | Date acquired | Total Checkouts | Full call number | Date last seen | Copy number | Koha item type |
|---|---|---|---|---|---|---|---|---|---|---|---|---|---|
| Dewey Decimal Classification | Non-fiction | Central Library, University of Rajshahi | Central Library, University of Rajshahi | 19/03/2014 | 954.08 NAP 1962 | 19/03/2014 | C-2 | Books |